000 00702nam a2200277Ia 4500
005 20260324123546.0
008 008 260324s9999 xx 000 0 eng d
020 _a9780203842935
037 _aEBOOK
040 _aCRL
040 _beng
040 _cCRL
041 _2eng
041 _aeng
084 _qCRL
100 _aKathleen A. Laughlin; Jacqueline Castledine
_91170770
245 0 _aBreaking the Wave: Women, Their Organizations, and Feminism, 1945-1985
260 _bTaylor and Francis
260 _c2011
365 _a
365 _b230
856 _uhttp://www.taylorfrancis.com/books/9780203842935
942 _cEBOOK
999 _c1764404
_d1764404